№ 146 : Физика; Ученые записки [Ленинградского государственного университета]

Bibliografiske detaljer
Parent link:Ученые записки [Ленинградского государственного университета]: сборник статей/ Ленинградский государственный университет (ЛГУ). № 146 : Физика.— , 1937-1977
Institution som forfatter: Ленинградский государственный университет (ЛГУ) Физический институт
Andre forfattere: Павинский П. П. (редактор)
Sprog:russisk
Udgivet: 1952
Serier:Серия физических наук Вып. 8
Fag:
Format: Bog
KOHA link:https://koha.lib.tpu.ru/cgi-bin/koha/opac-detail.pl?biblionumber=324180

MARC

LEADER 00000nam2a2200000 4500
001 324180
005 20231102003637.0
035 |a (RuTPU)RU\TPU\book\349777 
035 |a RU\TPU\book\294887 
035 |a RU\TPU\book\296398 
035 |a RU\TPU\book\349765 
090 |a 324180 
100 |a 20141024d1952 k y0rusy50 ca 
101 0 |a rus 
102 |a RU 
105 |a a z 001zy 
200 0 |a № 146 : Физика  |f Ленинградский государственный университет (ЛГУ), Физический институт ; отв. ред. П. П. Павинский 
210 |d 1952 
215 |a 199 с.  |c ил. 
225 1 |a Серия физических наук  |v Вып. 8 
320 |a Библиогр. в конце ст. 
461 1 |0 (RuTPU)RU\TPU\book\347780  |t Ученые записки [Ленинградского государственного университета]  |o сборник статей  |f Ленинградский государственный университет (ЛГУ)  |v № 146 : Физика  |d 1937-1977 
606 1 |a Физика  |2 stltpush  |3 (RuTPU)RU\TPU\subj\63709  |9 80688 
610 1 |a элементарные частицы 
610 1 |a метод функционалов 
610 1 |a статическая деформация 
610 1 |a протоны 
610 1 |a нейтроны 
675 |a 53  |v 4 
702 1 |a Павинский  |b П. П.  |4 340 
712 0 2 |a Ленинградский государственный университет (ЛГУ)  |b Физический институт  |c (1924-1991)  |2 stltpush  |3 (RuTPU)RU\TPU\col\77 
801 1 |a RU  |b 63413507  |c 20161109 
801 2 |a RU  |b 63413507  |c 20190117  |g RCR 
942 |c BK